Aprender a generar ideas: innovar mediante la creatividad (Registro nro. 11636)
[ vista simple ]
| 000 -CABECERA | |
|---|---|
| campo de control de longitud fija | 00813nam a22002897a 4500 |
| 005 - FECHA Y HORA DE ACTUALIZACIÓN | |
| campo de control | 20190218184203.0 |
| 008 - LONGITUD FIJA | |
| campo de control de longitud fija | 190218b xxu||||| |||| 00| 0 spa d |
| 020 ## - INTERNATIONAL STANDARD BOOK NUMBER | |
| Número Internacional Estándar del Libro | 9788449310577 |
| 041 ## - IDIOMA | |
| Código de idioma del texto/pista de sonido o título separado | |
| 082 ## - CLASIFICACIÓN DECIMAL DEWEY | |
| Número de clasificación | 150.193.2 G172a |
| 100 ## - AUTOR PERSONAL | |
| Nombre de persona | Gallego Reinoso, Fabio |
| 245 ## - TÍTULO PROPIAMENTE DICHO | |
| Título | Aprender a generar ideas: innovar mediante la creatividad |
| 260 ## - PIE DE IMPRENTA | |
| Lugar de publicación, distribución, etc. | España |
| 260 ## - PIE DE IMPRENTA | |
| Nombre del editor, distribuidor, etc. | Paidós |
| 260 ## - PIE DE IMPRENTA | |
| Fecha de publicación, distribución, etc. | 2001 |
| 300 ## - DESCRIPCIÓN FÍSICA | |
| Extensión | 157 páginas |
| 650 ## - Materia General | |
| Materia general | DINÁMICA DE GRUPOS |
| 650 ## - Materia General | |
| Materia general | EDUCACIÓN EMPRESARIAL |
| 650 ## - Materia General | |
| Materia general | DESARROLLO EMPRESARIAL |
| 650 ## - Materia General | |
| Materia general | INNOVACIÓN EMPRESARIAL |
| 650 ## - Materia General | |
| Materia general | IDEAS |
| 650 ## - Materia General | |
| Materia general | CREATIVIDAD |
| 650 ## - Materia General | |
| Materia general | IMAGINACIÓN |
| 650 ## - Materia General | |
| Materia general | ORGANIZACIONES |
| 650 ## - Materia General | |
| Materia general | GRUPOS CREATIVOS |
| 942 ## - Punto de Acceso Adicional Koha | |
| Tipo de ítem Koha | Libro |
| Estado perdido | Estado dañado | No para préstamo | Biblioteca permanente | Biblioteca actual | Signatura completa | Código de barras | Precio efectivo a partir del | Tipo de ítem |
|---|---|---|---|---|---|---|---|---|
| Departamento de Biblioteca y Documentación Alfonso Chase Brenes | Departamento de Biblioteca y Documentación Alfonso Chase Brenes | 150.193.2 G172a | 7933 | 18/02/2019 | Libro |